Portrait of the artist as a landscape (Record no. 68376)
[ view plain ]
| 000 -LEADER | |
|---|---|
| fixed length control field | 01320nam a2200313 a 4500 |
| 100 1# - MAIN ENTRY--AUTHOR NAME | |
| Personal name | Gamboni, Dario. |
| 245 10 - TITLE STATEMENT | |
| Title | Portrait of the artist as a landscape |
| 260 ## - PUBLICATION, DISTRIBUTION, ETC. (IMPRINT) | |
| Place of publication | Amsterdam : |
| Name of publisher | Vossiuspers UvA, |
| Year of publication | 2002. |
| 300 ## - PHYSICAL DESCRIPTION | |
| Number of Pages | 27 p. : |
| Other physical details | ill. |
| 500 ## - GENERAL NOTE | |
| General note | "Inaugural lecture Delivered upon the installation as Professor of Art History (Modern and Contemporary Art) at the University of Amsterdam on Saturday 14 December 2002." |
| 650 #0 - SUBJECT ADDED ENTRY--TOPICAL TERM | |
| Topical Term | Artists. |
| Topical Term | Self-portraits. |
| 856 40 - ELECTRONIC LOCATION AND ACCESS | |
| Uniform Resource Identifier | http://site.ebrary.com/lib/rucke/Doc?id=10302576 |
No items available.
